| 000 | 00581nam a2200217Ia 4500 | ||
|---|---|---|---|
| 005 | 20260429111901.0 | ||
| 008 | 260429s9999||||xx |||||||||||||| ||und|| | ||
| 020 | _a9788119642991 | ||
| 041 | _aEnglish | ||
| 082 |
_a934 _bBAN |
||
| 100 | _aBanerjee, Gauranga Nath | ||
| 245 | 0 |
_aHellenism in ancient India / _cGauranga Nath Banerjee |
|
| 260 |
_aJaipur : _bHilltop Publications, _c2025. |
||
| 300 | _a344 p.; hb | ||
| 650 | _a Ancient India | ||
| 650 | _a Cultural exchange | ||
| 650 | _a History | ||
| 650 | _a Indo-Greek culture | ||
| 650 | _aHellenism | ||
| 942 | _cTB | ||
| 999 |
_c51269 _d51269 |
||